Hamilton Lyrics Sort #23 - Non-Stop - Statistics

General Stats
  • This quiz has been taken 50 times
  • The average score is 52 of 167
Answer Stats
Hint Answer % Correct
Line 2 A-after the war, I went back to New York
92%
Line 10 Are you aware that we're making history?
92%
Line 9 Gentlemen of the jury, I'm curious, bear with me
92%
Line 1 After the war, I went back to New York
88%
Line 6 Alexander Hamilton began to climb
88%
Line 5 Even though we started at the very same time
88%
Line 7 How to account for his rise to the top?
88%
Line 3 I finished up my studies, and I practiced law
88%
Line 4 I practiced law, Burr worked next door
88%
Line 8 Man, the man is non-stop
88%
Line 12 The liberty behind deliberation (non-stop)
88%
Line 11 This is the first murder trial of our brand-new nation
88%
Line 16 Call your first witness, that's all you had to say
83%
Line 14 Co-counsel Hamilton, sit down
83%
Line 13 I intend to prove beyond a shadow of a doubt with my assistant counsel
83%
Line 18 One more thing
83%
Line 15 Our client, Levi Weeks, is innocent
83%
Line 17 Okay [1]
79%
Line 19 Why do you assume you're the smartest in the room? [1]
67%
Line 20 Why do you assume you're the smartest in the room? [2]
63%
Line 21 Why do you assume you're the smartest in the room? [3]
63%
Line 22 Soon that attitude may be your doom (aw!)
58%
Line 23 Why do you write like you're running out of time?
54%
Line 24 Write day and night like you're running out of time? [1]
42%
Line 27 Corruption's such an old song that we can sing
33%
Line 28 Along in harmony, and nowhere is it stronger that in Albany
29%
Line 48 Free ammunition for your enemies (aw!)
29%
Line 26 Keep on fighting in the meantime (non-stop)
29%
Line 54 Aaron Burr, sir
25%
Line 53 Alexander? [1]
25%
Line 144 Alexander [2]
25%
Line 146 Alexander [3]
25%
Line 116 Alexander joins forces with James Madison
25%
Line 75 And if it fails?
25%
Line 113 And if your wife could share a fraction of your time
25%
Line 117 And John Jay to write a series of essays
25%
Line 92 And what if you're backing the wrong horse?
25%
Line 107 Angelica
25%
Line 71 A series of essays, anonymously published
25%
Line 43 Bright young man
25%
Line 93 Burr, we studied, and we foughtm and we killed
25%
Line 60 Burr, you're a better lawyer than me
25%
Line 56 Can we confer, sir?
25%
Line 72 Defending the document to the public
25%
Line 118 Defending the new United States Constitution
25%
Line 108 Don't forget to write
25%
Line 52 Do what you do
25%
Line 89 Do you support this Constitution?
25%
Line 119 Entitled "The Federalist Papers"
25%
Line 128 Every day you fight, like you're running out of time
25%
Line 47 Every proclamation guarantees
25%
Line 134 Every second you're alive? Every second you're alive?
25%
Line 95 For once in your life, take a stand with pride
25%
Line 94 For the notion of a nation, we now get to build
25%
Line 40 Goes and proposes his own form of government (what?)
25%
Line 84 Good night
25%
Line 36 Hamilton, at the Constitutional Convention
25%
Line 125 Hamilton wrote the other 51
25%
Line 69 Hear me out
25%
Line 104 He is not a lot of fun, but there's no one
25%
Line 148 Helpless
25%
Line 85 Hey!
25%
Line 41 His own plan for a new form of government (what?)
25%
Line 30 Honestly, that's why public service seems to be calling me (he's just non-stop)
25%
Line 133 How do you write every second you're alive?
25%
Line 131 How do you write like tommorow won't arrive?
25%
Line 132 How do you write like you need it to survive?
25%
Line 102 I am accompanied by someone who always pays
25%
Line 101 I am sailing off the London
25%
Line 74 I disagree
25%
Line 96 I don't understand how you stand to the side
25%
Line 114 If I could grant you peace of mind
25%
Line 34 If not, then I'll be Socrates
25%
Line 103 I have found a wealthy husband who will keep in comfort for all my days
25%
Line 145 I have to leave
25%
Line 62 I know I talk to much, I'm abrasive
25%
Line 139 I know it's a lot to ask (Treasury or State?)
25%
Line 97 I'll keep all my plans close to my chest (wait for it, wait for it, wait for it, wait)
25%
Line 138 I'm asking you to be my right-hand man (Treasury or state?)
25%
Line 99 I'm taking my time, watching the afterbirth of a nation
25%
Line 122 In the end, they wrote 85 essays in the span of six months
25%
Line 31 I practiced the law, I practically perfected it
25%
Line 57 Is this a legal matter?
25%
Line 79 It's full of contradictions
25%
Line 32 I've seen injustice in the world, and I've corrected it
25%
Line 37 I was chosen for the Constitutional Convention
25%
Line 124 James Madison wrote 29
25%
Line 123 John Jay got sick after writing five
25%
Line 112 Just stay alive, that would be enough
25%
Line 143 Let's go
25%
Line 147 Look around, look around at how lucky we are to be alive right now
25%
Line 109 Look at where you are
25%
Line 110 Look at where you started
25%
Line 106 My Alexander
25%
Line 65 My client needs a strong defense, you're the solution
25%
Line 68 No
25%
Line 82 No, no way
25%
Line 73 No one will read it
25%
Line 70 No way!
25%
Line 39 Now, what I'm going to say may sound indelicate (aww!)
25%
Line 90 Of course
25%
Line 141 Sir, do you want me to run the Treasury or State department?
25%
Line 80 So is independence
25%
Line 78 So, it needs amendments
25%
Line 42 Talks for six hours, the convention is listless
25%
Line 77 The Constitution's a mess
25%
Line 111 The fact that you're alive is a miracle
25%
Line 91 Then defend it
25%
Line 67 The new U.S. Constitution?
25%
Line 120 The plan was to write a total of 25 essays
25%
Line 38 There as a New York junior delegate
25%
Line 121 The work divided evenly among the three men
25%
Line 29 This colony's economy's increasingly stalling and
25%
Line 35 Throwing verbal rocks at these mediocrities
25%
Line 137 To get the people that I need
25%
Line 140 To leave behind the world you know
25%
Line 142 Treasury
25%
Line 100 Watching the tension grow
25%
Line 81 We have to start somewhere
25%
Line 55 Well, it's the middle of the night
25%
Line 88 We won the war, what was it all for?
25%
Line 86 What are you waiting for?
25%
Line 59 What do you need?
25%
Line 87 What do you stall for? (What?)
25%
Line 105 Who can match you for turn of phrase
25%
Line 66 Who's your client?
25%
Line 46 Why do you always say what you believe? [2]
25%
Line 115 Would that be enough?
25%
Line 58 Yes, and it's important to me
25%
Line 63 You're incredible in court
25%
Line 83 You're making a mistake
25%
Line 64 You're succinct, persuasive
25%
Line 44 Yo, who the f is this?
25%
Line 130 Are you running out of time? (Aww!)
21%
Line 76 Burr, that's why we need it
21%
Line 51 Every day, you fight like it's going out of style
21%
Line 126 How do you write like you're running out of time?
21%
Line 98 I'll wait here and see which way the wind will blow
21%
Line 136 I'm doing the best I can
21%
Line 150 Look around, isn't this enough?
21%
Line 33 Now for a strong central democracy
21%
Line 61 Okay [2]
21%
Line 149 They are asking me to lead
21%
Line 152 We will never be satisfied (to be satisfied?)
21%
Line 45 Why do you always say what you believe? [1]
21%
Line 49 Why do you write like it's going out of style? (Hey)
21%
Line 50 Write day and night like it's going out of style? (Hey)
21%
Line 127 Write day and night like you're running out of time? [2]
21%
Line 166 Hamilton, just you wait
17%
Line 151 He will never be satisfied (what would be enough?)
17%
Line 165 I am Alexander Hamilton
17%
Line 167 I am not throwin' away my shot
17%
Line 164 I am not throwin' away my shot (just you wait) [2]
17%
Line 129 Like you're running out of time
17%
Line 161 Why do you fight like
17%
Line 162 History has its eyes on you
13%
Line 163 I am not throwin' away my shot (just you wait) [1]
13%
Line 135 They're asking me to lead
13%
Line 158 (He will never be satisfied, satisfied)
8%
Line 154 History has its eyes on you (look around)
8%
Line 153 Satisfied, satisfied
8%
Line 159 Why do you assume you're the smartest in the room? (History has its eyes)
8%
Line 156 Why do you assume you're the smartest in the room? (Non-stop) [1]
8%
Line 157 Why do you assume you're the smartest in the room? (Non-stop) [2]
8%
Line 160 Why do you write like you're running out of time? (Non-stop)
8%
Line 25 Every day you fight, like you're running out of time (hey)
4%
Line 155 Why do you assume you're the smartest in the room? [4]
4%
No matching quizzes found
Score Distribution
Percent of People with Each Score
Percentile by Number Answered
Your Score History
You have not taken this quiz